Prepositions in Non-Fiction Books Quiz Stats

 Plays Quiz Updated Jul 8, 2020

     
Support Sporcle.
Go Orange.
Score 0/20 Timer 03:00
1 Play Today
% Correct
Of
89.8%
Out
88.6%
For
87.9%
In
87.4%
With
86%
Into
82.2%
On
79.1%
Without
79%
To
70.5%
From
60.9%
% Correct
Towards
60.5%
Between
55.8%
Beyond
55.1%
Across
54.7%
Above
53.3%
Around
53.2%
Through
51.1%
At
48.1%
Upon
33.8%
Against
29.6%

From the Vault

Stuck in the Middle with 'B'

by MrChewypoo

This is how peanut and jelly feel about butter.
Remove Ads.
Support Sporcle.
Get the best of Sporcle when you Go Orange. This ad-free experience offers more features, more stats, and more fun while also helping to support Sporcle. Thank you for becoming a member.

Show Comments

Extras

Top Quizzes Today


Score Distribution

Your Account Isn't Verified!

In order to create a playlist on Sporcle, you need to verify the email address you used during registration. Go to your Sporcle Settings to finish the process.

Report this User

Report this user for behavior that violates our Community Guidelines.

Details: